Archers - Brand New (Lyrics) - Statistics

General Stats
  • This quiz has been taken 15 times
  • The average score is 204 of 396
Answer Stats
Lyrics % Correct
a
100%
I
100%
we
90%
you
90%
You
90%
(You
90%
do
80%
Do
80%
in
80%
man?
80%
my
80%
the
80%
then
80%
Who
80%
who
80%
And
70%
anything?
70%
anything
70%
believe
70%
burn
70%
it
70%
me
70%
to
70%
What
70%
what
70%
(What
70%
young
70%
carry
60%
did
60%
down?
60%
for,
60%
just
60%
on
60%
over
60%
So
60%
so
60%
thing
60%
thing)
60%
things
60%
tonight
60%
tonight?
60%
tonight?)
60%
torch
60%
well
60%
well)
60%
we're
60%
are
50%
around
50%
freezing
50%
god
50%
is
50%
learn
50%
say
50%
With
50%
with
50%
your
50%
backseat
40%
broken
40%
campaign
40%
Cause
40%
darling
40%
ground?
40%
hell
40%
hell)
40%
If
40%
Meet
40%
never
40%
only
40%
that
40%
That
40%
this
40%
trail
40%
turnpike,
40%
barely
30%
beating
30%
blame
30%
book
30%
can
30%
love
30%
now
30%
sweat
30%
tells
30%
there
30%
too
30%
under
30%
up
30%
will
30%
You're
30%
(You're
30%
yourself,
30%
all
20%
at
20%
bringing
20%
burning
20%
Burning
20%
but
20%
care
20%
daughters
20%
don't
20%
drown
20%
end,
20%
end)
20%
engine
20%
escape
20%
everyone
20%
found
20%
ignore
20%
it's
20%
It's
20%
joyous,
20%
like
20%
loud
20%
loud)
20%
mind
20%
nothing
20%
Oh,
20%
Order
20%
ourselves
20%
rug
20%
shouting
20%
silver
20%
sings,
20%
strap
20%
sweep
20%
Think
20%
until
20%
voice
20%
worked
20%
away
10%
cigarette
10%
could
10%
debts,
10%
dust
10%
Feels
10%
filthy,
10%
hot
10%
into
10%
laying
10%
lies
10%
maze
10%
of
10%
out
10%
Rolling
10%
run
10%
sins
10%
sort
10%
sure
10%
there's
10%
these
10%
Throwing
10%
tongue
10%
try
10%
ember
0%
hard
0%
heart
0%
kiln
0%
save
0%
thrown
0%
you've
0%
No matching quizzes found
Score Distribution
Percent of People with Each Score
Percentile by Number Answered
Your Score History
You have not taken this quiz